German City by River - Statistics

General Stats
  • This quiz has been taken 38 times
  • The average score is 13 of 15
Answer Stats
Hint Answer % Correct
Main Frankfurt am Main
100%
Spree Berlin
97%
Ruhr Dortmund
97%
Elbe Hamburg
97%
Isar Munich
97%
Neckar Stuttgart
97%
Rhine Cologne
93%
Weser Bremen
90%
Rhine Düsseldorf
90%
Elbe Dresden
86%
Ruhr Essen
86%
Leine Hannover
86%
Ruhr Duisburg
76%
White Elster Leipzig
69%
Pegnitz Nuremberg
66%
No matching quizzes found
Score Distribution
Percent of People with Each Score
Percentile by Number Answered
Your Score History
You have not taken this quiz